| 000 | 00484nam a2200193Ia 4500 | ||
|---|---|---|---|
| 008 | 210210b2019 xxu||||| |||| 00| 0 eng d | ||
| 020 | _a9789388316477 | ||
| 041 | _aeng | ||
| 082 | _a658.8 SHAM | ||
| 100 | _aSHARMA (Rahul) | ||
| 245 | _aMarketing management | ||
| 260 |
_aNew Delhi _bAPH Publishing Corporation _c2019 |
||
| 300 | _axviii,277 | ||
| 650 | _aMarketing | ||
| 650 | _amanagement | ||
| 690 | _aMarketing Management | ||
| 700 | _aGUPTA (Pankaj) | ||
| 906 | _a074268 | ||
| 999 |
_c124062 _d124062 |
||